00790nam a2200253 4500003001100000005001700011008004100028020001500069040003900084041000800123082001400131100002000145245008200165260003800247300002700285650001900312650002500331650002200356650002500378650002400403942000700427952008700434999001500521LK-CoMWRAF20231109093533.0230831b1994 |||||||| |||| 00| 0 eng d a1882978277 aLK-CoMWRAFdLK-CoMWRAFeLK-CoMWRAF aeng a291 bCON aConway, Timothy aWomen of power and grace:bnine astonishing, inspiring luminaries of our time aCalifornia:bSanta Barbara,c1994 a351 p. : ill. ; 24 cm. aWOMEN-Religion aWomen and religion.  aWomen--Biography. aComparative religion aSpiritual biography cBK 00104070aMAINbMAINd2023-08-31l0o291 CONpRAF441r2023-08-31w2023-08-31yBK c3319d3319